| 000 | 00905cab a2200253 4500 | ||
|---|---|---|---|
| 001 | ABS48243 | ||
| 008 | 090401t xxu||||| |||| 00| 0 eng d | ||
| 035 | _a(Sirsi) u65653 | ||
| 041 | _aeng | ||
| 100 | _aPawlowski, M. | ||
| 245 | _aCompensation for improvements | ||
| 260 | _c13(2) Winter 1992/1993, 110-115(3) | ||
| 350 | _a0 | ||
| 490 |
_aRent Review & Lease Renewal _v13(2) Winter 1992/1993, 110-115(3) |
||
| 520 | _aExamines the legal framework governing eligibility for compensation for improvements on quitting the premises under Landlord and Tenant Act 1927 Part II. Considers case law. References. | ||
| 650 | _aBUSINESS TENANCIES | ||
| 650 |
_aDilapidations _96235 |
||
| 650 | _aLANDLORD AND TENANT ACT 1927 PART II | ||
| 650 | _aLANDLORD AND TENANT ACT 1954 PART III | ||
| 650 | _aREPAIRS | ||
| 690 | _aLANDLORD AND TENANT-BUSINESS TENANCIES | ||
| 942 | _n0 | ||
| 948 | _c04/03/1997 | ||
| 999 |
_c40962 _d40962 |
||